01423nam a2200325 450000100030000000300040000300500170000700800410002402000180006504000080008304100130009108200200010410000230012424000170014724500580016426000330022230000110025549000370026650000530030352005700035665000250092665000100095165000200096165000190098165000100100065500120101065500160102270000220103883000370106089OSt20250528074011.0250123b |||||||d |||| 00| 1 eng d a9788501080905 bpor hengapor aIJ 028.5bC116p1 aCabot, Meg,d1967- aPrincess Mia aPrincesabMia /cCabot, Meg ; Tradução de Ana Ban aRio de JaneirobRecordc2008 a300 p.1 aO diário da PrincesavLivro 09 aPrincesa Mia Sequência de: princesa no limite aMia precisa discursar em um baile de gala da Domina Rei, uma sociedade de elite, cheia de poderosas mulheres de negócios. O que diabos ela teria a dizer? Agora que Michael terminou com ela de vez, Mia não consegue sair da cama, sua melhor amiga a odeia e todas as suas roupas estão ficando apertadas. Para piorar, está sendo obrigada a ver um terapeuta, Lana Weinberg agora quer ser sua melhor amiga, e Mia descobre o diário de uma antepassada, com revelações que podem mudar o destino da Genovia para sempre. Como uma princesa poderia resolver tantos 0aLiteratura Americana 0aHumor 0aAmor e Paixão 0aInfantojuvenil 0aFilme 0aRomance 0aFicção  aAna BaneTradutor aO diário da princesavLivro 09